[Event "Bodensee op 9th"]
[Site "Bregenz"]
[Date "2025.05.28"]
[Round "5"]
[White "Nesimovic, Kemal"]
[Black "Hiemer, Bernd"]
[Result "0-1"]
[WhiteElo "1831"]
[BlackElo "2031"]
[PlyCount "58"]
[EventDate "2025.05.24"]
[EventType "swiss"]
[EventRounds "9"]
[EventCountry "AUT"]
[SourceTitle "CB23_2025"]
[SourceDate "2025.06.04"]
[SourceVersion "1"]
[SourceVersionDate "2025.06.04"]
[SourceQuality "1"]

1. d4 Nf6 2. Bf4 g6 3. Nc3 Bg7 4. e4 d6 5. Qd2 c6 6. Nf3 0-0 7. 0-0-0 b5 8. e5 b4 9. exf6 bxc3 10. Qxc3 Bxf6 11. Bc4 e6 12. Qd3 a5 13. a3 d5 14. Ba2 Na6 15. Qe3 Ra7 16. Ne5 Rb7 17. c3 Qb6 18. Rd2 c5 19. Re1 Be7 20. Nf3 Bd7 21. Bxd5 exd5 22. Qxe7 Bf5 23. Qd6 Qb3 24. Bh6 Qxc3+ 25. Kd1 Qb3+ 26. Kc1 Rc8 27. Re8+ Rxe8 28. Qf6 Qc4+ 29. Kd1 Qf1+ 0-1

[Event "Bodensee op 9th"]
[Site "Bregenz"]
[Date "2025.05.26"]
[Round "3"]
[White "Osterwald, Elwin"]
[Black "Nesimovic, Kemal"]
[Result "1/2-1/2"]
[WhiteElo "2024"]
[BlackElo "1831"]
[PlyCount "37"]
[EventDate "2025.05.24"]
[EventType "swiss"]
[EventRounds "9"]
[EventCountry "AUT"]
[SourceTitle "CB23_2025"]
[SourceDate "2025.06.04"]
[SourceVersion "1"]
[SourceVersionDate "2025.06.04"]
[SourceQuality "1"]

1. e4 e6 2. d4 d5 3. e5 c5 4. c3 Nc6 5. Nf3 Bd7 6. Be2 Qb6 7. 0-0 cxd4 8. cxd4 Rc8 9. Nc3 Nge7 10. Na4 Qc7 11. Bd2 Nf5 12. Bc3 Be7 13. Nc5 Nfxd4 14. Nxd4 Bxc5 15. Nb5 Qb8 16. Nd6+ Bxd6 17. exd6 0-0 18. Qd2 Qxd6 19. Bxg7 1/2-1/2

[Event "Lienz op 17th"]
[Site "Lienz"]
[Date "2013.02.14"]
[Round "7"]
[White "Bauer, Manfred2"]
[Black "Nesimovic, Kemal"]
[Result "1/2-1/2"]
[WhiteElo "1938"]
[BlackElo "1836"]
[PlyCount "33"]
[EventDate "2013.02.09"]
[EventType "swiss"]
[EventRounds "9"]
[EventCountry "AUT"]
[SourceTitle "CBM 152 Extra"]
[Source "ChessBase"]
[SourceDate "2013.02.25"]
[SourceVersion "1"]
[SourceVersionDate "2013.02.25"]
[SourceQuality "1"]

1. d4 Nf6 2. Nf3 g6 3. Bf4 Bg7 4. h3 d6 5. e3 Nbd7 6. Bd3 c5 7. c3 b6 8. 0-0 Bb7 9. Nbd2 0-0 10. Qc2 Rc8 11. Rac1 Re8 12. Ne4 cxd4 13. exd4 Nd5 14. Bg3 Nb4 15. Qe2 Nxd3 16. Qxd3 Nb8 17. Rfe1 1/2-1/2

[Event "Lienz op 17th"]
[Site "Lienz"]
[Date "2013.02.13"]
[Round "6"]
[White "Nesimovic, Kemal"]
[Black "Walkner, Karl"]
[Result "1-0"]
[WhiteElo "1836"]
[BlackElo "1980"]
[PlyCount "97"]
[EventDate "2013.02.09"]
[EventType "swiss"]
[EventRounds "9"]
[EventCountry "AUT"]
[SourceTitle "CBM 152 Extra"]
[Source "ChessBase"]
[SourceDate "2013.02.25"]
[SourceVersion "1"]
[SourceVersionDate "2013.02.25"]
[SourceQuality "1"]

1. d4 d5 2. c4 c6 3. Nc3 e6 4. e3 Nf6 5. Nf3 Nbd7 6. Bd3 Bd6 7. 0-0 0-0 8. e4 dxe4 9. Nxe4 Nxe4 10. Bxe4 Nf6 11. Bc2 Re8 12. Bg5 g6 13. Ne5 Be7 14. Qf3 Kg7 15. Rad1 Rf8 16. Qe3 Ng8 17. Bxe7 Qxe7 18. b3 f6 19. Nf3 Qc7 20. Rfe1 Bd7 21. Bb1 Rae8 22. Qd3 Bc8 23. h4 Qf7 24. h5 Ne7 25. g3 Kh8 26. hxg6 hxg6 27. Kg2 Kg7 28. Rh1 Rh8 29. Qc3 Rxh1 30. Rxh1 Rh8 31. Rxh8 Kxh8 32. Qa5 Qe8 33. Qxa7 Kg7 34. Qc5 Qd7 35. Ng1 g5 36. Be4 Ng6 37. d5 exd5 38. cxd5 Ne5 39. dxc6 bxc6 40. Nf3 Qh3+ 41. Kg1 Nxf3+ 42. Bxf3 Qe6 43. Qxc6 Qe1+ 44. Kg2 Bf5 45. g4 Bb1 46. a4 Qb4 47. Qb7+ Qxb7 48. Bxb7 f5 49. a5 1-0

[Event "Lienz op 17th"]
[Site "Lienz"]
[Date "2013.02.09"]
[Round "1"]
[White "Jovanovic, Zoran"]
[Black "Nesimovic, Kemal"]
[Result "1-0"]
[WhiteElo "2518"]
[BlackElo "1836"]
[PlyCount "23"]
[EventDate "2013.02.09"]
[EventType "swiss"]
[EventRounds "9"]
[EventCountry "AUT"]
[SourceTitle "CBM 152 Extra"]
[Source "ChessBase"]
[SourceDate "2013.02.25"]
[SourceVersion "1"]
[SourceVersionDate "2013.02.25"]
[SourceQuality "1"]

1. e4 c6 2. Nc3 d5 3. d3 dxe4 4. Nxe4 e6 5. Qe2 Be7 6. Bd2 Nf6 7. 0-0-0 Nbd7 8. f4 Nb6 9. Nf3 Qc7 10. g3 a5 11. Bh3 Bd7 12. Rhe1 1-0

[Event "Liechtenstein op 30th"]
[Site "Triesen"]
[Date "2012.05.11"]
[Round "1"]
[White "Bezler, Rainer"]
[Black "Nesimovic, Kemal"]
[Result "1-0"]
[WhiteElo "2216"]
[BlackElo "1840"]
[PlyCount "57"]
[EventDate "2012.05.11"]
[EventType "swiss"]
[EventRounds "9"]
[EventCountry "LIE"]
[SourceTitle "CBM 148 Extra"]
[Source "ChessBase"]
[SourceDate "2012.06.22"]
[SourceVersion "1"]
[SourceVersionDate "2012.06.22"]
[SourceQuality "1"]

1. e4 c6 2. d4 d5 3. Nc3 dxe4 4. Nxe4 Bf5 5. Ng3 Bg6 6. Bc4 e6 7. N1e2 Bd6 8. Nf4 Nf6 9. 0-0 Qc7 10. Nxg6 hxg6 11. Re1 0-0 12. Bg5 Nbd7 13. c3 Kh7 14. Qf3 Rh8 15. h4 Bxg3 16. fxg3 Raf8 17. Bf4 Qa5 18. Bd6 Re8 19. g4 Kg8 20. Rf1 g5 21. Bb4 Qb6 22. hxg5 Ne5 23. Qf4 Nexg4 24. gxf6 Nxf6 25. Bd6 e5 26. Bxe5 Rxe5 27. Qxe5 Qxb2 28. Qg3 Kf8 29. Rab1 1-0